000 00425nam a2200133 a 4500
008 120416s1974 ||||||||||||||||| || u
050 _aPR 6045.A95F3
100 _aWaugh, Alec
245 1 4 _aThe fatal gift
260 _aLondon
_bThe Book Club
_c1974
300 _a314p.
350 _a0.00
995 _D0.00
_FCBU-MAIN LIBRARY (Kitwe)
_H1
_I2.50
_M1
_UAVAILABLE
_ZFiction Collection
999 _c43168
_d43168